Claude Ptolémée astronome, astrologue, géographe (Record no. 92034)

MARC details
000 -LEADER
campo de control de longitud fija 00669nam a2200205 i 4500
001 - NÚMERO DE CONTROL
campo de control 92034
003 - IDENTIFICADOR DE NÚMERO DE CONTROL
campo de control ES-MaACL
005 - FECHA Y HORA DE LA ÚLTIMA TRANSACCIÓN
campo de control 20250813053842.0
007 - CAMPO FIJO DE DESCRIPCIÓN FÍSICA--INFORMACIÓN GENERAL
campo de control de longitud fija t|
008 - DATOS DE LONGITUD FIJA--INFORMACIÓN GENERAL
campo de control de longitud fija 050318s1993 fr ||||1| fre d
020 ## - NÚMERO INTERNACIONAL ESTÁNDAR DEL LIBRO
Número Internacional Estándar del Libro 2-7355-0284-8
080 ## - NÚMERO DE LA CLASIFICACIÓN DECIMAL UNIVERSAL
Número de la Clasificación Decimal Universal 5 Ptolomeo
100 1# - ENTRADA PRINCIPAL--NOMBRE DE PERSONA
Nombre de persona Aujac, Germaine.
9 (RLIN) 23902
245 10 - MENCIÓN DEL TÍTULO
Título Claude Ptolémée astronome, astrologue, géographe
Resto del título : connaissance et représentation du monde habité /
Mención de responsabilidad, etc. Germaine Aujac.
260 ## - PUBLICACIÓN, DISTRIBUCIÓN, ETC.
Lugar de publicación, distribución, etc. Paris :
Nombre del editor, distribuidor, etc. Editions du CTHS,
Fecha de publicación, distribución, etc. [1993]
300 ## - DESCRIPCIÓN FÍSICA
Extensión 427 p. :
Otras características físicas il. ;
Dimensiones 19 cm.
600 14 - PUNTO DE ACCESO ADICIONAL DE MATERIA--NOMBRE DE PERSONA
Nombre de persona Ptolomeo, Claudio,
Fechas asociadas al nombre ca. 100 d.C.-ca. 170 d.C.
9 (RLIN) 94106
852 ## - LOCALIZACIÓN
Ubicación ES-MaACL
Número de control de estantería E-10866
Sublocalización o colección R.135682
Holdings
Estatus retirado Estado de pérdida Estado de daño No para préstamo Biblioteca de origen Biblioteca actual Ubicación en estantería Fecha de adquisición Fuente de adquisición Total de préstamos Signatura topográfica completa Código de barras Visto por última vez Precio de reemplazo Tipo de ítem Koha
        Biblioteca del Ateneo de Madrid Biblioteca del Ateneo de Madrid Depósito 2 17/01/2008     E-10866 1096094 23/02/2023 23/02/2023 Libro impreso